000
00299nam a2200145Ia 4500
100
_a
Ohanian/ Hans C.
942
_c
BK
654
_a
Physics
245
_a
Modern Physics
260
_b
Prentice Hall
_a
New Delhi
_c
1994
082
_a
539
_b
PAN
300
_a
543
546
_a
ENGLISH
999
_c
34615
_d
34615